Clubs ayant le plus souffert face à Messi - Statistiques

Statistiques générales
  • Ce quiz a été pris 149 fois
  • Le résultat moyen est 6 sur 10
Statistiques - réponses
Buts Club % Correct
26 Real Madrid
100%
36 Séville FC
82%
32 Atletico Madrid
80%
31 Valence CF
70%
18 Real Betis
67%
18 Athletic Bilbao
63%
17 Getafe CF
44%
25 Espanyol Barcelone
34%
20 Deportivo La Corogne
26%
20 Levante UD
24%
Aucun quiz correspondant
Distribution des résultats
% des personnes avec chaque résultat
Percentile par nombre de réponses
Votre historique - résultats
Vous n’avez pas pris ce quiz